| LEADER |
01259nam0a2200229 450 |
| 001 |
16842493 |
| 010 |
|
|
|a 978-2-302-09371-3
|b rel.
|d 15,5
|
| 100 |
|
|
|a 20230419d2026 u u0frey01 ba
|
| 101 |
0 |
|
|a fre
|
| 102 |
|
|
|a FR
|
| 200 |
0 |
|
|a noyée de la Tamise (La)
|f scénario, Jean-Pierre Pécau
|g dessin, Michel Suro - couleur, Scarlett
|
| 207 |
|
1 |
|a
|
| 210 |
|
|
|a Toulon
|c Soleil
|d DL 2023
|
| 215 |
|
|
|a 1 vol. (55 p.)
|c ill. en coul.
|d 32 cm
|
| 225 |
1 |
|
|a Sherlock Holmes et les mystères de Londres
|v 1
|
| 330 |
|
|
|a Une jeune fille est retrouvée morte, noyée dans la Tamise. Elle porte un masque étrange sur le visage. Aussitôt, les autorités pensent à la communauté jamaïcaine de l'East End, mais le célèbre détective n'est pas d'accord. Pour étayer ses dires, il va faire appel à Felix Fénéon, spécialiste des masques anciens, mais qui est poursuivi pour avoir posé une bombe dans un restaurant parisien !
|
| 461 |
|
0 |
|t Sherlock Holmes et les mystères de Londres
|v 1
|
| 700 |
|
0 |
|a Pécau
|b Jean-Pierre
|c Auteur du texte
|f 1955-....
|4 70
|
| 702 |
|
0 |
|a Suro
|b Michel
|f 1968-....
|4 440
|
| 900 |
|
|
|a Bandes déssinées ADULTE
|
| 901 |
|
|
|a Accessible au prêt
|
| 995 |
|
|
|a Bibliothèque
|c Bibliothèque
|f 024023700
|h 024023700
|k BDA PEC
|o p
|q a
|r az
|e Bibliothèque
|